Szczegóły MARC21

Teaching English as a second language : techniques and procedures /

003 -Nazwa inst., której nr kontr. jest w polu 001 [,]
    • @
    • Nazwa instytucji, której n kontrolny jest w polu 001
    • NUKAT
005 -DATA I CZAS OSTATNIEJ MODYFIKACJI [,]
    • @
    • pole kontrolne
    • 20241231112001.0
020 -Międzynarod. znormalizowany nr książki - ISBN [ , ]
    • a
    • Numer ISBN
    • 087626867X Find
    • z
    • Błędny ISBN (P)
    • 087626967X Find
040 -Instytucja sporządzająca opis [ , ]
    • a
    • Instytucja, która sporządziła opis (NP)
    • WA U/50AL
    • c
    • Instytucja, która sporządziła rekord (NP)
    • WA U/AL
    • d
    • Instytucja, która zmodyfikowała rekord (P)
    • WA U/AWJ
    • d
    • Instytucja, która zmodyfikowała rekord (P)
    • TOR U/IMs
    • d
    • Instytucja, która zmodyfikowała rekord (P)
    • WA U/mg
942 -Rodzaj dokumentu [ , ]
    • c
    • Rodzaj dokumentu
    • Książka
100 -Hasło główne - nazwa osobowa [1, ]
    • a
    • Nazwa osobowa (NP)
    • Paulston, Christina Bratt
    • d
    • Daty biograficzne (NP)
    • (1932- ).
    • 9
    • KHW
    • 648516
245 -Strefa tytułu i oznaczenia odpowiedzialności [1,0]
    • a
    • Tytuł
    • Teaching English as a second language : Find
    • b
    • Ciąg dalszy tytułu (NP)
    • techniques and procedures / Find
    • c
    • Pozostałe elementy strefy tytułu i oznaczenia odpowiedzialności (NP)
    • Christina Bratt Paulston, Mary Newton Bruder.
260 -Strefa adresu wydawniczego [ , ]
    • a
    • Miejsce wydania (P)
    • Cambridge :
    • b
    • Nazwa wydawcy (P)
    • Winthrop Pub.,
    • c
    • Data wydania (P)
    • cop. 1976.
300 -Strefa opisu fizycznego [ , ]
    • a
    • Określenie formy książki i/lub objętość (NP)
    • XII, 255 s. ;
    • c
    • Format (NP)
    • 23 cm.
336 -Typ zawartości [ , ]
    • a
    • Termin opisujący typ zawartości
    • Tekst
    • b
    • Kod określający zawartość
    • txt
    • 2
    • Źródło (terminu i kodu)
    • rdacontent
337 -Typ mediów [ , ]
    • a
    • Tryb odtwarzania
    • Bez urządzenia pośredniczącego
    • b
    • Kod typu mediów
    • n
    • 2
    • Źródło (terminu i kodu)
    • rdamedia
338 -Typ/rodzaj nośnika [ , ]
    • a
    • Hasło opisujące typ nośnika
    • Wolumin
    • b
    • Kod typu nośnika
    • nc
    • 2
    • Źródło (terminu i kodu)
    • rdacarrier
504 -Uwaga dot. bibliogr. załącznikowej [ , ]
    • a
    • Uwaga dot. bibliografii załącznikowej
    • Bibliogr. przy rozdz.
080 -Uniwersalna Klasyfikacja Dziesiętna [ , ]
    • a
    • Symbol klasyfikacji
    • 372.880.20=20
080 -Uniwersalna Klasyfikacja Dziesiętna [ , ]
    • a
    • Symbol klasyfikacji
    • :371.3=20
650 -Hasło przedmiotowe [ ,7]
    • a
    • Hasło przedmiotowe
    • Język angielski
    • x
    • Określnik rzeczowy
    • studia i nauczanie
    • x
    • Określnik rzeczowy
    • obcojęzyczni.
    • 2
    • Źródło terminu
    • kaba
    • 9
    • KHW
    • 359089
980 -Symbol UKD [ , ]
    • a
    • UKD
    • 372.880.20:371.3]=20
700 -Hasło dodatkowe - nazwa osobowa [1, ]
    • a
    • Nazwa osobowa (NP)
    • Bruder, Mary Newton Find
    • d
    • Daty biograficzne (NP)
    • (1939- ).
    • 9
    • KHW
    • 648517
710 -Hasło dodatkowe - nazwa ciała zbiorowego [2, ]
    • a
    • Nazwa ciała zbiorowego lub nazwa geograficzna jako pierwszy element (NP)
    • Cambridge University Press.
    • 4
    • Kod relacji
    • pbl
    • 9
    • KHW
    • 615085
920 -ISBN [ , ]
    • a
    • ISBN
    • 0-87626-867-X Find
    • z
    • Błędny ISBN
    • 0-87626-967-X Find
Sygnatura Data inwentaryzacji Lokalizacja Status udost. Numer inwentarzowy
ANG. Metodyka 0112001-05-15BM1A.6030